Quest for the African dinosaurs : ancient roots of the modern world /

Bibliographic Details
Main Author: Jacobs, Louis L.
Format: Book
Language:English
Published: Baltimore : Johns Hopkins University Press, [2000]
Subjects:

MARC

Tag First Indicator Second Indicator Subfields
LEADER 00000pam a2200000 a 4500
001 in00001573821
005 20151022092947.0
008 000106r19932000mdua b 001 0 eng
010 |a  00020533  
020 |a 080186481X (alk. paper) 
035 |a (OCoLC)ocm43311713 
040 |a DLC  |c DLC  |d UtOrBLW 
043 |a f------ 
049 |a TXAM 
050 1 0 |a QE861.9.A35  |b J33 2000 
082 0 0 |a 567.9/096  |2 21 
100 1 |a Jacobs, Louis L. 
245 1 0 |a Quest for the African dinosaurs :  |b ancient roots of the modern world /  |c Louis Jacobs ; with a new introduction by the author. 
264 1 |a Baltimore :  |b Johns Hopkins University Press,  |c [2000] 
264 4 |c ©2000 
300 |a xxv, 316 pages :  |b illustrations ;  |c 24 cm. 
336 |a text  |b txt  |2 rdacontent 
337 |a unmediated  |b n  |2 rdamedia 
338 |a volume  |b nc  |2 rdacarrier 
500 |a Originally published: New York : Villard Books, 1993. 
504 |a Includes bibliographical references (pages 291-306) and index. 
650 0 |a Dinosaurs  |z Africa. 
650 0 |a Dinosaurs  |x Research  |z Africa. 
948 |a cataloged  |b h  |c 2001/2/13  |d c  |e pkellar  |f 1:17:20 pm 
994 |a E0  |b TXA 
999 |a MARS 
999 f f |s a3e733c6-9c60-35cb-90fe-239250ceb482  |i 584ec271-9613-3c5f-ae01-b222dba6e5b9  |t 0 
952 f f |p normal  |a Texas A&M University  |b College Station  |c Sterling C. Evans Library  |d Evans: Library Stacks  |t 0  |e QE861.9.A35 J33 2000  |h Library of Congress classification  |i unmediated -- volume  |m A14827155483 
998 f f |a QE861.9.A35 J33 2000  |t 0  |l Evans: Library Stacks